[Event "Hradec Kralove Region-chT 2223"]
[Site "Czech Republic"]
[Date "2023.04.02"]
[Round "11.3"]
[White "Vestfal, Jan"]
[Black "Vanek, Tomas1111"]
[Result "0-1"]
[WhiteElo "2050"]
[BlackElo "1864"]
[PlyCount "82"]
[EventDate "2022.10.09"]
[EventType "team-tourn"]
[EventRounds "11"]
[EventCountry "CZE"]
[SourceTitle "EXT 2024"]
[Source "ChessBase"]
[SourceDate "2023.10.10"]
[SourceVersion "1"]
[SourceVersionDate "2023.10.10"]
[SourceQuality "1"]

1. d4 Nf6 2. c4 d5 3. cxd5 Qxd5 4. Nc3 Qa5 5. Nf3 e6 6. e3 Ne4 7. Qc2 Nxc3 8. bxc3 Bd6 9. Bd3 h6 10. 0-0 Nd7 11. Nd2 Qh5 12. h3 0-0 13. f4 f5 14. Nc4 Be7 15. Ba3 Bxa3 16. Nxa3 a6 17. Kh2 b6 18. Rg1 Nf6 19. Be2 Ng4+ 20. Bxg4 fxg4 21. Qd1 e5 22. dxe5 Bf5 23. Re1 Qh4 24. Qe2 h5 25. Rad1 g3+ 26. Kg1 b5 27. Qf3 Qe7 28. Nb1 h4 29. Nd2 Qc5 30. Ne4 Qc4 31. Rd4 Qxa2 32. Red1 a5 33. Ng5 a4 34. e4 Bg6 35. f5 a3 36. Qd3 Qf2+ 37. Kh1 a2 38. Ra1 Bh5 39. Ne6 Be2 40. Qd2 Bf1 41. Rd7 Bxg2# 0-1

[Event "Hradec Kralove Region-chT 2223"]
[Site "Czech Republic"]
[Date "2023.01.29"]
[Round "7.3"]
[White "Vestfal, Jan"]
[Black "Jedlicka, Lubos"]
[Result "1/2-1/2"]
[WhiteElo "1993"]
[BlackElo "2123"]
[PlyCount "114"]
[EventDate "2022.10.09"]
[EventType "team-tourn"]
[EventRounds "11"]
[EventCountry "CZE"]
[SourceTitle "EXT 2024"]
[Source "ChessBase"]
[SourceDate "2023.10.10"]
[SourceVersion "1"]
[SourceVersionDate "2023.10.10"]
[SourceQuality "1"]

1. d4 Nf6 2. c4 c5 3. d5 b5 4. cxb5 a6 5. bxa6 g6 6. Nc3 Bxa6 7. Nf3 d6 8. g3 Bg7 9. Bg2 0-0 10. 0-0 Nbd7 11. Rb1 Qa5 12. Bd2 Rfb8 13. Qc2 Ra7 14. b3 Qa3 15. Qc1 Qa5 16. Re1 Ng4 17. h3 Nge5 18. Nxe5 Nxe5 19. a4 Qc7 20. Qc2 Rab7 21. Na2 h5 22. Bc3 Nd7 23. Bxg7 Kxg7 24. Kh2 Qa5 25. Red1 Kh7 26. Bf3 Kg7 27. Be4 Ne5 28. f4 Nd7 29. Bd3 Nf6 30. Bxa6 Qxa6 31. Nc3 Rb4 32. Nb5 Qb7 33. Qc3 Qd7 34. Qd3 h4 35. g4 Rxf4 36. Rf1 Rb4 37. Qf3 Rf8 38. Rbc1 Qb7 39. Rfd1 Qa8 40. Rd3 Ne4 41. Rc4 Rxc4 42. bxc4 f5 43. gxf5 gxf5 44. Nc7 Qxa4 45. Ne6+ Kg8 46. Nxf8 Kxf8 47. Qxf5+ Nf6 48. Qf4 Qc2 49. Re3 Qc1 50. Rf3 Qe1 51. Rf2 Ke8 52. Qxh4 Kd7 53. Kg2 Kc7 54. Qg5 Qxf2+ 55. Kxf2 Ne4+ 56. Kf3 Nxg5+ 57. Kg4 Nxh3 1/2-1/2

[Event "CZE-chT2D 2223"]
[Site "Czech Republic"]
[Date "2022.12.04"]
[Round "4.5"]
[White "Vestfal, Jan"]
[Black "Sedivy, Martin"]
[Result "0-1"]
[WhiteElo "1994"]
[BlackElo "2123"]
[PlyCount "54"]
[EventDate "2022.10.16"]
[EventType "team-tourn"]
[EventRounds "11"]
[EventCountry "CZE"]
[SourceTitle "EXT 2024"]
[Source "ChessBase"]
[SourceDate "2023.10.10"]
[SourceVersion "1"]
[SourceVersionDate "2023.10.10"]
[SourceQuality "1"]
[WhiteTeam "Hradec Kralove Lipky"]
[BlackTeam "Lipa"]
[WhiteTeamCountry "CZE"]
[BlackTeamCountry "CZE"]

1. d4 Nf6 2. c4 c5 3. d5 e6 4. Nc3 exd5 5. cxd5 d6 6. Nf3 g6 7. Nd2 a6 8. a4 Nbd7 9. Nc4 Rb8 10. Bf4 Qc7 11. a5 b5 12. axb6 Nxb6 13. Na5 Bg7 14. e4 0-0 15. Be2 Re8 16. Qd3 Bd7 17. Qc2 Na4 18. Nc4 Nxc3 19. Bxd6 Qb7 20. bxc3 Nxe4 21. 0-0 Nxc3 22. Bf3 Bf5 23. Qd2 Rbd8 24. Bg3 Qb4 25. Qf4 Re4 26. Rab1 Rxf4 27. Rxb4 Rxf3 0-1

[Event "CZE-chT2D 2223"]
[Site "Czech Republic"]
[Date "2022.11.20"]
[Round "3.6"]
[White "Varejcko, Josef"]
[Black "Vestfal, Jan"]
[Result "1-0"]
[WhiteElo "2201"]
[BlackElo "1994"]
[PlyCount "127"]
[EventDate "2022.10.16"]
[EventType "team-tourn"]
[EventRounds "11"]
[EventCountry "CZE"]
[SourceTitle "EXT 2024"]
[Source "ChessBase"]
[SourceDate "2023.10.10"]
[SourceVersion "1"]
[SourceVersionDate "2023.10.10"]
[SourceQuality "1"]
[WhiteTeam "Polabiny IV"]
[BlackTeam "Hradec Kralove Lipky"]
[WhiteTeamCountry "CZE"]
[BlackTeamCountry "CZE"]

1. d4 Nf6 2. Nf3 c5 3. c4 cxd4 4. Nxd4 e5 5. Nc2 d5 6. cxd5 Qxd5 7. Nc3 Qxd1+ 8. Nxd1 Nc6 9. Nc3 Be6 10. g3 Nd5 11. Bg2 Nxc3 12. bxc3 Rc8 13. 0-0 Na5 14. Ne3 Be7 15. Nd5 Bxd5 16. Bxd5 Rxc3 17. Bd2 Rc5 18. e4 Nc4 19. Bc3 Nb6 20. Bxe5 Nxd5 21. exd5 f6 22. Bd4 Ra5 23. Be3 Kf7 24. Rfd1 Rd8 25. Rac1 Raxd5 26. Rxd5 Rxd5 27. Rc7 b5 28. Rxa7 Ke6 29. Kg2 Rd7 30. Ra5 Rb7 31. Kf3 Bb4 32. Ra8 Kd5 33. Ke2 Rc7 34. Rd8+ Kc6 35. Kd3 Rd7+ 36. Rxd7 Kxd7 37. f3 Kd6 38. Ke4 Ke6 39. Kd4 h5 40. g4 g6 41. h3 Bd6 42. Bd2 Ba3 43. Bf4 f5 44. Bd2 Kd6 45. Bf4+ Ke6 46. Bd2 Kd6 47. Bf4+ Kc6 48. gxf5 gxf5 49. Ke5 Kc5 50. Kxf5 Kd5 51. Kg5 Ke6 52. Kxh5 Kf5 53. Be3 Be7 54. h4 Bf8 55. Bg5 Bg7 56. Be7 Bd4 57. Kh6 Ke6 58. Bg5 Kf7 59. Kh5 Bc3 60. f4 Kg7 61. f5 Bd4 62. Kg4 Bc3 63. h5 Kf7 64. Kf3 1-0

[Event "Pardubice Czech op-E 33rd"]
[Site "Pardubice"]
[Date "2022.07.15"]
[Round "2.3"]
[White "Vestfal, Jan"]
[Black "Kusa, Jakub"]
[Result "0-1"]
[WhiteElo "1918"]
[BlackElo "2353"]
[PlyCount "84"]
[EventDate "2022.07.14"]
[EventType "team-swiss"]
[EventRounds "7"]
[EventCountry "CZE"]
[SourceTitle "CBM 209 Extra"]
[Source "ChessBase"]
[SourceDate "2022.09.30"]
[SourceVersion "1"]
[SourceVersionDate "2022.09.30"]
[SourceQuality "1"]
[WhiteTeam "RSA"]
[BlackTeam "Brno Moravska Slavia"]
[WhiteTeamCountry "CZE"]
[BlackTeamCountry "CZE"]

1. d4 d5 2. c4 e6 3. Nf3 Nf6 4. Nc3 Be7 5. Bg5 Nbd7 6. e3 h6 7. Bh4 0-0 8. Qc2 c6 9. cxd5 exd5 10. Bd3 Re8 11. 0-0 Nh5 12. Bxe7 Qxe7 13. Rab1 a5 14. a3 Nhf6 15. b4 axb4 16. axb4 b5 17. Nd2 Nb6 18. e4 Nc4 19. e5 Nh5 20. Bxc4 bxc4 21. b5 Nf4 22. Nf3 Bg4 23. Qd2 g5 24. bxc6 Ra3 25. Rfc1 Bxf3 26. gxf3 Qe6 27. Ne2 Rxf3 28. Nxf4 Rxf4 29. Rc3 Qxc6 30. Rg3 Kh7 31. Ra3 Ra8 32. Rxa8 Qxa8 33. Qc3 Qc8 34. h3 Qf5 35. Rb6 Rf3 36. Qe1 Rxh3 37. Qe2 Qf4 38. Qc2+ Kg7 39. Kf1 Rh1+ 40. Kg2 Qh2+ 41. Kf3 Qh3+ 42. Ke2 Qf1+ 0-1

[Event "Solta op 5th"]
[Site "Grohote"]
[Date "2022.07.08"]
[Round "7"]
[White "Ivekovic, Tihana"]
[Black "Vestfal, Jan"]
[Result "1/2-1/2"]
[WhiteElo "2082"]
[BlackElo "1918"]
[PlyCount "32"]
[EventDate "2022.07.02"]
[EventType "swiss"]
[EventRounds "9"]
[EventCountry "CRO"]
[SourceTitle "EXT 2023"]
[Source "ChessBase"]
[SourceDate "2022.10.05"]
[SourceVersion "1"]
[SourceVersionDate "2022.10.05"]
[SourceQuality "1"]

1. d4 Nf6 2. c4 e6 3. Nf3 Bb4+ 4. Bd2 c5 5. g3 Qb6 6. Nc3 cxd4 7. Nb5 Bc5 8. b4 Be7 9. Nfxd4 d6 10. Be3 Qd8 11. h3 a6 12. Nc3 d5 13. Nc2 dxc4 14. Qxd8+ Bxd8 15. Bg2 Nc6 16. 0-0 0-0 1/2-1/2

[Event "Hradec Kralove op 11th"]
[Site "Hradec Kralove"]
[Date "2021.11.12"]
[Round "8"]
[White "Vestfal, Jan"]
[Black "Zelbova, Lada"]
[Result "0-1"]
[WhiteElo "1963"]
[BlackElo "1928"]
[PlyCount "48"]
[EventDate "2021.11.06"]
[EventType "swiss"]
[EventRounds "9"]
[EventCountry "CZE"]
[SourceTitle "CBM 205 Extra"]
[Source "ChessBase"]
[SourceDate "2022.01.31"]
[SourceVersion "1"]
[SourceVersionDate "2022.01.31"]
[SourceQuality "1"]

1. d4 Nf6 2. Bg5 d5 3. Bxf6 exf6 4. e3 Be6 5. Bd3 Bd6 6. Nd2 Nd7 7. Qf3 0-0 8. Ne2 c6 9. c3 Re8 10. g4 Nb6 11. h4 Qe7 12. 0-0-0 Nc4 13. Bc2 b5 14. g5 f5 15. Bxf5 Bxf5 16. Qxf5 Rab8 17. h5 Rb6 18. Nf4 Ra6 19. Kb1 Rb8 20. g6 Nxd2+ 21. Rxd2 fxg6 22. hxg6 h6 23. Re2 Rf8 24. Qg4 Qe4+ 0-1

[Event "Hradec Kralove op 11th"]
[Site "Hradec Kralove"]
[Date "2021.11.11"]
[Round "7"]
[White "Pein, Jonathan"]
[Black "Vestfal, Jan"]
[Result "1-0"]
[WhiteElo "2255"]
[BlackElo "1963"]
[PlyCount "31"]
[EventDate "2021.11.06"]
[EventType "swiss"]
[EventRounds "9"]
[EventCountry "CZE"]
[SourceTitle "CBM 205 Extra"]
[Source "ChessBase"]
[SourceDate "2022.01.31"]
[SourceVersion "1"]
[SourceVersionDate "2022.01.31"]
[SourceQuality "1"]

1. e4 c5 2. Nf3 e6 3. g3 Nc6 4. Bg2 g6 5. d4 cxd4 6. Nxd4 a6 7. Nxc6 bxc6 8. Qd4 f6 9. Nd2 Bg7 10. Nc4 d5 11. exd5 exd5 12. Bf4 Ne7 13. Nb6 Nf5 14. Qc5 Bf8 15. Qxc6+ Bd7 16. Qxa8 1-0

[Event "Pardubice Czech op-A 32nd"]
[Site "Pardubice"]
[Date "2021.07.26"]
[Round "4"]
[White "Hesse, Henrik"]
[Black "Vestfal, Jan"]
[Result "1-0"]
[WhiteElo "2225"]
[BlackElo "1898"]
[PlyCount "35"]
[EventDate "2021.07.23"]
[EventType "swiss"]
[EventRounds "9"]
[EventCountry "CZE"]
[SourceTitle "CBM 203 Extra"]
[Source "ChessBase"]
[SourceDate "2021.09.30"]
[SourceVersion "1"]
[SourceVersionDate "2021.09.30"]
[SourceQuality "1"]

1. b3 c5 2. Bb2 Nc6 3. Nf3 d6 4. e3 e5 5. d3 g6 6. c4 Nge7 7. Nc3 Be6 8. d4 Bg4 9. dxc5 Bg7 10. cxd6 e4 11. h3 Qa5 12. Qd2 exf3 13. hxg4 Rd8 14. 0-0-0 Nb4 15. a3 Bxc3 16. Bxc3 Na2+ 17. Kb1 Rxd6 18. Bxa5 1-0

[Event "Pardubice Czech op-A 32nd"]
[Site "Pardubice"]
[Date "2021.07.25"]
[Round "3"]
[White "Vestfal, Jan"]
[Black "Richterova, Natasa"]
[Result "1/2-1/2"]
[WhiteElo "1898"]
[BlackElo "2213"]
[PlyCount "27"]
[EventDate "2021.07.23"]
[EventType "swiss"]
[EventRounds "9"]
[EventCountry "CZE"]
[SourceTitle "CBM 203 Extra"]
[Source "ChessBase"]
[SourceDate "2021.09.30"]
[SourceVersion "1"]
[SourceVersionDate "2021.09.30"]
[SourceQuality "1"]

1. d4 d5 2. c4 c6 3. Nf3 Nf6 4. Nc3 a6 5. cxd5 cxd5 6. Bf4 Nc6 7. e3 e6 8. Bd3 Bd6 9. Bxd6 Qxd6 10. 0-0 0-0 11. a3 e5 12. dxe5 Nxe5 13. Be2 Be6 14. Qd2 1/2-1/2